000 00582nam a2200205Ia 4500
005 20250508162145.0
008 008 250505s9999 xx 000 0 eng d
020 _a0-7121-0955-2
037 _aTextual
040 _aFEDL
_beng
_cFEDL
041 _aeng
_2eng
084 _a658, BAT
_qFEDL
100 _aBatty J
245 0 _aIndustrial administration and management
250 _a4
260 _aLondon, UK
_bThe English Language Book Society and MacDonald and Evans Ltd.
_c1979
300 _axvi,572p
942 _cTEXL
_h658, BAT
999 _c1374709
_d1374709